000 00841nam a2200277 a 4500
001 42495
003 (BD-RJUL)
005 20211209053541.0
008 160613s1957 xx 000 0 eng d
035 _a(BD-RJUL)42613
035 _a(OCoLC)00845110
035 _aGLIS00472666
040 _aWPG
_cWPG
_dRCD
_d(BD-RJUL)
_beng
041 _aeng
082 _223
_a330
_bMAA 1959
090 _aHB171
_b.M235
099 _aHB171.M235
100 1 _aMakower, Helen.
_9130706
245 1 0 _aActivity analysis and the theory of economic equilibrium /
_cHelen Makower
260 _aLondon, Macmillan :
_aNew York :
_bSt. Martin's Press,
_c1957 [reprint1959]
300 _axiv, 192 p. :
_bill. ;
_c23 cm.
650 0 _aEconomics.
_9130707
650 0 _aStatics and dynamics (Social sciences)
_9130684
942 _2ddc
_cBK
949 _aMYGD
999 _c42495
_d42495